| 000 | 01463nam a2200325 i 4500 | ||
|---|---|---|---|
| 001 | 186763 | ||
| 003 | ES-MaACL | ||
| 005 | 20250921063040.0 | ||
| 008 | 170213s2014 sp |||| | spa d | ||
| 020 | _a978-84-8489-779-8 (Iberoamericana) | ||
| 020 | _a978-3-95487-348-7 (Vervuert) | ||
| 080 | _a821.134.2-22"16" | ||
| 100 | 1 |
_aBances Candamo, Francisco Antonio de, _d1662-1704 _925159 |
|
| 245 | 1 | 0 |
_aPoesías cómicas. _nI. _n, 1 / _cFrancisco A. Bances Candamo ; Blanca Oteiza, (editora general del volumen). |
| 260 |
_aMadrid : _bIberoamericana ; _aFrankfurt am Main : _bVervuert, _c2014. |
||
| 300 |
_a1 v. (772 p.) : _bil. ; _c24 cm. |
||
| 490 | 1 |
_aObras completas de Francisco A. Bances Candamo ; _v1 / dirigidas por Ignacio Arellano |
|
| 490 | 1 |
_aBiblioteca áurea hispánica ; _v92 |
|
| 500 | _aÍndice. | ||
| 504 | _aBibliografía: p. 13-37. | ||
| 505 | 8 |
_aContiene: v. I, 1 ; _tEl primer duelo del mundo ; _tQuién es quien premia al amor ; _tLa restauración de Buda |
|
| 700 | 1 |
_aOteiza, Blanca. _9161719 |
|
| 700 | 1 |
_aArellano, Ignacio. _922580 |
|
| 830 | 0 |
_aObras completas de Francisco A. Bances Candamo ; _v1 / dirigidas por Ignacio Arellano _9225467 |
|
| 830 | 0 |
_aBiblioteca áurea hispánica ; _v92 _9188819 |
|
| 852 |
_aES-MaACL _jA-14027 _9193820 _bR.151298 _cDEPO1 _dOlim: N-7027 _hDonación: Casa de Velázquez |
||
| 914 |
_92477 _aCasa de Velázquez _ednr |
||
| 942 |
_2udc _cMONOGRAFIA |
||
| 999 |
_c186763 _d186763 |
||